Les pays qui ont accueilli le plus de Jeux Olympiques modernes - Statistiques

Statistiques générales
  • Ce quiz a été pris 373 fois
  • Le résultat moyen est 21 sur 23
Statistiques - réponses
Nombre de JO organisés Année(s) Pays % Correct
8* 1904,1932,1932,1960,1980,1984,1996,2002 Etats-Unis
100%
5* 1900,1924,1924,1968,1992 France
100%
4* 1964,1972,1998,2020 Japon
99%
3* 1936,1936,1972 Allemagne
98%
2* 2008,2022 Chine
97%
1 2016 Brésil
96%
3* 1976,1988,2010 Canada
96%
1 1992 Espagne
96%
3* 1956,1960,2006 Italie
96%
3 1908,1948,2012 Royaume-Uni
96%
2* 1980,2014 Russie
96%
2 1956,2000 Australie
94%
2 1896,2004 Grèce
92%
1 1968 Mexique
90%
2 1952,1994 Norvège
90%
2* 1988,2018 Corée du Sud
89%
1 1912 Suède
88%
2 1928,1948 Suisse
84%
1 1952 Finlande
82%
2 1964,1976 Autriche
80%
1 1920 Belgique
79%
1 1928 Pays-Bas
79%
1 1984 Serbie (Yougoslavie)
59%
Aucun quiz correspondant
Distribution des résultats
% des personnes avec chaque résultat
Percentile par nombre de réponses
Votre historique - résultats
Vous n’avez pas pris ce quiz